000 00345nam a22001457a 4500
008 221017b ||||| |||| 00| 0 eng d
020 _a9780324019520
041 _aeng
080 _2SECOND EDITION
_a330
082 _a330
100 _a23.1
101 _aECO
245 _aECONOMICS PRINCIPLES AND APPLICATION
_cHALL.ROBERT
942 _2udc
_cBK
999 _c58587
_d58587